• 首页
  • 本馆介绍
  • 公告通知
  • 最新文献
  • 馆藏检索
  • 电子资源
  • 读者导购
  • 参考咨询
  • 我的图书馆
  • 登录
  • 详细信息显示
  • 放入我的书架
  • 预约/预借图书
  • 作者相关作品
  • 分类相关作品
  • 丛书相关作品
  • 出版社相关作品

书目信息

  • 表格格式
  • 工作单格式
  • 卡片格式
题名:
2014考研西医综合直通车
    
 
作者: 魏保生 主编
分册:   核心讲义篇
出版信息: 北京   科学出版社  2013
页数: 10,753页
开本: 26cm
丛书名:
单 册:
中图分类: R-42
科图分类:
主题词: 现代医药学--硕士生--入学考试--升学参考资料
电子资源:
ISBN: 978-7-03-037227-7
000 00810nam0 2200229 450
001 0102894179
005 20130730183024.0
010    @a978-7-03-037227-7@dCNY79.80
100    @a20130628d2013 em y0chiy0120 ea
101 0  @achi
102    @aCN@b110000
105    @ay z 000yy
106    @ar
200 1  @a2014考研西医综合直通车@92 0 1 4 Kao Yan Xi Yi Zong;Zeng He;Ge Zhi Tong Che;Ju @i核心讲义篇@f魏保生主编@b专著
210    @a北京@c科学出版社@d2013
215    @a10,753页@d26cm
330    @a本书采用图表方式精解了考试要求的全部知识点。内容包括:生理学、生物化学、病理学、诊断学、内科学、外科总论、胸部外科疾病、普通外科等。
606 0  @a现代医药学@x硕士生@x入学考试@j升学参考资料
690    @aR-42@v5
701  0 @a魏保生@9wei bao sheng@4主编
801  0 @aCN@bZL@c20130511
905    @aBZT@dR@e39@f3@sR/39
    
    2014考研西医综合直通车.核心讲义篇/魏保生主编.-北京:科学出版社,2013
    10,753页;26cm
    
    
    ISBN 978-7-03-037227-7:CNY79.80
    本书采用图表方式精解了考试要求的全部知识点。内容包括:生理学、生物化学、病理学、诊断学、内科学、外科总论、胸部外科疾病、普通外科等。
●
相关链接 在五车中查询图书 在当当中查询图书 在豆瓣中查询图书


正题名:2014考研西医综合直通车     索取号:R/39         预约/预借

序号 登录号 条形码 馆藏地/架位号 状态 备注
1 2000025528   2000025528   旧书回溯/ [索取号:R/39] 在馆    
2 2000025529   2000025529   旧书回溯/ [索取号:R/39] 在馆    
3 2000025530   2000025530   旧书回溯/ [索取号:R/39] 在馆    
山东省滨州职业学院图书馆 欢迎您!
大连网信软件有限公司© 版权所有